Wer bin ich? Fußballer erkennen #3 Schwer - Statistiken

Allgemein
  • Dieses Quiz wurde 45 mal gespielt
  • Das Durchschnittsergebnis liegt bei 3 aus 10
Antwortstatistiken
Vereine Gesuchter Spieler % Korrekt
3 Borussia Mönchengladbach 1. FC Kaiserslautern
Ajax Amsterdam
SSC Neapel Eintracht Frankfurt
Al-Ettifaq
FC Utrecht FC Schalke 04
Amin Younes
64%
9 Kapfenberger SV
TSG 1899 Hoffenheim
FC St. Pauli
VfL Bochum
Hamburger SV
FC Augsburg FC Schalke 04 SC Freiburg
Michael Gregoritsch
36%
1
FC Liverpool
TSG 1899 Hoffenheim
Kasımpaşa Istanbul
al Ain Club
Deportivo La Coruña
Beşiktaş Istanbul
FC Fulham
Galatasaray Istanbul
Ajax Amsterdam Eyüpspor
Ryan Babel
36%
2 Sporting Lissabon
FC Barcelona
FC Porto
Inter Mailand
FC Chelsea Al-Ahli Dubai Beşiktaş Istanbul
Kasımpaşa Istanbul
Vitória Guimarães
Ricardo Quaresma
33%
5 Manchester United Borussia Dortmund AFC Sunderland
Real Sociedad
FC Sevilla
Istanbul Başakşehir FK
Adnan Januzaj
30%
10 EC Juventude
Grêmio Porto Alegre
Galatasaray Istanbul
Inter Mailand
FC Porto
Manchester United
FC Sevilla Al-Nassr FC
Alex Telles
24%
8 FC ArsenalBirmingham City AFC Sunderland Juventus Turin
VfL Wolfsburg
Nottingham Forest
Rosenborg Trondheim
FC Kopenhagen
Nicklas Bendtner
24%
4 Olympique Marseille
FC Arsenal
Manchester City
FC Sevilla
Antalyaspor
West Ham United
RSC Anderlecht
Samir Nasri
21%
7
FC Metz
AS Monaco
FC Arsenal
Manchester City
Real Madrid Tottenham Hotspur
Crystal Palace
Istanbul Başakşehir FK
Kayserispor
Club Olimpia
Emmanuel Adebayor
18%
6
Le Havre AC FC Chelsea FC Arsenal FC Portsmouth Real Madrid Anschi Machatschkala Lokomotive Moskau Olympique Marseille al-Jazira Club Paris Saint-Germain
Lassana Diarra
18%
Keine übereinstimmenden Quizze gefunden
Verteilung der Resultate
Anzahl Personen mit jedem Resultat
Perzentil nach korrekt beantworteten Fragen
Ihre Resultats-Entwicklung
Sie haben dieses Quiz noch nicht gespielt